[Event "Oberhausener SV 1 - SG Ennepe-Ruhr-Süd "]
[Site "NRW-Klasse, Gruppe 1 2014/201"]
[Date "2015.01.11"]
[Round "5.8"]
[White "Voge, Andreas"]
[Black "Schaefer, Martin"]
[Result "1-0"]
[WhiteElo "2076"]
[BlackElo "1866"]
[PlyCount "97"]
[EventDate "2015.??.??"]
[WhiteTeam "Oberhausener SV 1"]
[BlackTeam "SG Ennepe-Ruhr-Süd 1"]

1. e4 c5 2. Nf3 Nc6 3. d4 cxd4 4. Nxd4 e5 5. Nb5 d6 6. N1c3 a6 7. Na3 b5 8. Nd5
Nge7 9. c4 Nd4 10. Be3 Nxd5 11. exd5 Qa5+ 12. Qd2 Qxd2+ 13. Kxd2 Be7 14. cxb5
O-O 15. bxa6 Nf5 16. Bb5 Nxe3 17. fxe3 Bxa6 18. Bxa6 Rxa6 19. Nb5 f5 20. Rhc1
f4 21. Rc6 Ra5 22. Nc3 Rb8 23. Rb1 g5 24. b4 Ra3 25. b5 e4 26. exf4 gxf4 27.
Nxe4 Rxa2+ 28. Rc2 Ra4 29. Kd3 Ra3+ 30. Rc3 Ra5 31. Rcb3 Ra7 32. b6 Rab7 33.
Nd2 Rf8 34. Nc4 f3 35. gxf3 Rxf3+ 36. Ke4 Rf2 37. Na5 Rb8 38. b7 Bg5 39. Kd3
Rf3+ 40. Kc4 Rf4+ 41. Kb5 Bd8 42. Ra3 Rf2 43. Ka6 Bxa5 44. Rxa5 Rff8 45. Rg1+
Kh8 46. Rb5 Rfd8 47. Rb6 Rd7 48. Rc1 Rdd8 49. Rbc6 1-0

[Event "SV Kamen 1 - SC Hansa Dortmund 2"]
[Site "NRW-Klasse, Gruppe 1 2014/201"]
[Date "2015.01.11"]
[Round "5.1"]
[White "Schmittdiel, Eckhard"]
[Black "Weidemann, Christian"]
[Result "0-1"]
[WhiteElo "2444"]
[BlackElo "2224"]
[PlyCount "58"]
[EventDate "2015.??.??"]
[WhiteTeam "SC Hansa Dortmund 2"]
[BlackTeam "SV Kamen 1"]

1. e4 c5 2. Nf3 Nf6 3. e5 Nd5 4. c4 Nc7 5. d4 cxd4 6. Qxd4 Nc6 7. Qd2 g6 8. b4
Bg7 9. Bb2 Ne6 10. b5 Na5 11. Nc3 b6 12. Be2 O-O 13. Nd5 Nb7 14. h4 Nbc5 15. h5
Bb7 16. O-O a6 17. Rfd1 axb5 18. cxb5 Na4 19. Ba3 Bxd5 20. Qxd5 Nc3 21. Qxd7
Nxd1 22. Qxd8 Rfxd8 23. Bxe7 Rd7 24. Bb4 Nb2 25. hxg6 hxg6 26. a3 Bf8 27. Bc3
Na4 28. Be1 Nac5 29. g3 Nb3 0-1

[Event "SV Kamen 1 - SC Hansa Dortmund 2"]
[Site "NRW-Klasse, Gruppe 1 2014/201"]
[Date "2015.01.11"]
[Round "5.2"]
[White "Kilian, Ralf"]
[Black "Mainka, Romuald"]
[Result "0-1"]
[WhiteElo "2133"]
[BlackElo "2346"]
[PlyCount "66"]
[EventDate "2015.??.??"]
[WhiteTeam "SV Kamen 1"]
[BlackTeam "SC Hansa Dortmund 2"]

1. d4 Nf6 2. Nf3 e6 3. c4 d5 4. Nc3 Nbd7 5. Bg5 Be7 6. e3 O-O 7. Rc1 b6 8. Bd3
Bb7 9. O-O c5 10. cxd5 Nxd5 11. Bxe7 Qxe7 12. Nxd5 Bxd5 13. Bb1 Rfd8 14. Qe2
Bxf3 15. Qxf3 cxd4 16. exd4 Nf6 17. g3 Rab8 18. Rfd1 Rd6 19. Qa3 Qd7 20. Rc3 g6
21. Rcd3 Rd8 22. Qc3 Nd5 23. Qd2 Ne7 24. Qg5 Rd5 25. Qe3 Nf5 26. Qe4 Nxd4 27.
a3 e5 28. Kg2 f5 29. Qh4 Kg7 30. Ba2 Rd6 31. Rc1 h6 32. Rdc3 Qb7+ 33. f3 R8d7
0-1

[Event "SV Kamen 1 - SC Hansa Dortmund 2"]
[Site "NRW-Klasse, Gruppe 1 2014/201"]
[Date "2015.01.11"]
[Round "5.3"]
[White "Zelbel, Patrick"]
[Black "Kleinegger, Frank"]
[Result "1-0"]
[WhiteElo "2404"]
[BlackElo "2142"]
[Annotator "Hausrath,Daniel"]
[PlyCount "83"]
[EventDate "2015.??.??"]
[WhiteTeam "SC Hansa Dortmund 2"]
[BlackTeam "SV Kamen 1"]

1. e4 e5 2. Nf3 Nc6 3. Bc4 Bc5 4. c3 Nf6 5. d4 exd4 6. e5 d5 7. Be2 Ne4 8. cxd4
Bb4+ 9. Nbd2 O-O 10. O-O Bg4 11. Nb3 f6 12. a3 Be7 13. Be3 f5 14. Ne1 Bxe2 15.
Qxe2 f4 16. Bc1 Ng5 17. Nf3 a5 18. Nxg5 Bxg5 19. Qg4 Be7 $11 20. Bxf4 h5 21.
Qe6+ Kh7 22. Be3 Ra6 23. Qh3 Qe8 24. Rac1 Rb6 25. Nc5 Bxc5 26. Rxc5 Ne7 27.
Rxc7 Nf5 28. Rfc1 Qg6 29. Qf3 Rb3 30. Qxd5 Nxe3 31. fxe3 Rxb2 32. Rxb7 Rbf2 33.
Rb8 R8f3 34. Qg8+ Kh6 35. Qh8+ Kg5 36. gxf3 Rd2 37. Kh1 Kh4 38. Qd8+ Kh3 39.
Qd7+ Kh4 40. Rg1 Qc2 41. Qe7+ Kh3 42. Rg3# 1-0

[Event "SV Kamen 1 - SC Hansa Dortmund 2"]
[Site "NRW-Klasse, Gruppe 1 2014/201"]
[Date "2015.01.11"]
[Round "5.4"]
[White "Himmel, Hansjoerg"]
[Black "Tuncer, Ufuk"]
[Result "1/2-1/2"]
[WhiteElo "2136"]
[BlackElo "2336"]
[PlyCount "53"]
[EventDate "2015.??.??"]
[WhiteTeam "SV Kamen 1"]
[BlackTeam "SC Hansa Dortmund 2"]

1. e4 c5 2. Nf3 d6 3. d4 cxd4 4. Nxd4 Nf6 5. Nc3 a6 6. Be2 e5 7. Nb3 Be7 8. O-O
O-O 9. a4 Nc6 10. Bf3 Nb4 11. Re1 Be6 12. Nd5 Nbxd5 13. exd5 Bf5 14. g3 Rc8 15.
c3 Nd7 16. a5 Bg6 17. Ra4 Nc5 18. Nxc5 Rxc5 19. Qb3 Rb5 20. Qa2 Rc5 21. Be3 Rc8
22. Rb4 Qd7 23. Qb3 Rc7 24. Bb6 Rcc8 25. Be3 Rc7 26. Bb6 Rcc8 27. Be3 1/2-1/2

[Event "SV Kamen 1 - SC Hansa Dortmund 2"]
[Site "NRW-Klasse, Gruppe 1 2014/201"]
[Date "2015.01.11"]
[Round "5.5"]
[White "Kotter, Ralf"]
[Black "Georg, Heinz"]
[Result "1-0"]
[WhiteElo "2273"]
[BlackElo "2167"]
[PlyCount "69"]
[EventDate "2015.??.??"]
[WhiteTeam "SC Hansa Dortmund 2"]
[BlackTeam "SV Kamen 1"]

1. e4 e5 2. Nf3 Nf6 3. Nxe5 d6 4. Nf3 Nxe4 5. Nc3 Nf6 6. d4 Be7 7. Bg5 O-O 8.
Qd2 d5 9. O-O-O Nc6 10. Ne5 Bf5 11. f3 h6 12. g4 Bh7 13. Bf4 Nb4 14. Nd3 c6 15.
h4 Qa5 16. a3 Na6 17. Kb1 b5 18. Nxd5 Qd8 19. Nxe7+ Qxe7 20. Ne5 Nd5 21. Bd3
Bxd3 22. Nxd3 b4 23. axb4 Nxf4 24. Nxf4 Nxb4 25. g5 Rab8 26. gxh6 Qf6 27. Rhg1
Qxh6 28. Rg5 Rfd8 29. Rdg1 Qxh4 30. Rxg7+ Kf8 31. Qe3 Qh8 32. Rxf7+ Kxf7 33.
Qe6+ Kf8 34. Ng6+ Kg7 35. Ne5+ 1-0

[Event "SV Kamen 1 - SC Hansa Dortmund 2"]
[Site "NRW-Klasse, Gruppe 1 2014/201"]
[Date "2015.01.11"]
[Round "5.6"]
[White "Huckebrink, Chris"]
[Black "Karger, Frank"]
[Result "0-1"]
[WhiteElo "2065"]
[BlackElo "2271"]
[PlyCount "74"]
[EventDate "2015.??.??"]
[WhiteTeam "SV Kamen 1"]
[BlackTeam "SC Hansa Dortmund 2"]

1. e4 c5 2. Nf3 e6 3. b3 b6 4. Bb2 Bb7 5. Nc3 a6 6. Be2 d6 7. O-O Qc7 8. Re1
Nf6 9. Bf1 Be7 10. d3 O-O 11. Ne2 Nbd7 12. c4 Rfe8 13. g3 d5 14. exd5 exd5 15.
Bg2 Bd6 16. cxd5 Bxd5 17. d4 Qb7 18. Nh4 Bxg2 19. Nxg2 Ne4 20. Nc3 Ng5 21.
Rxe8+ Rxe8 22. d5 Nh3+ 23. Kf1 Nf6 24. Ne3 Be5 25. Qf3 Ng5 26. Qf5 h6 27. h4 g6
28. Qd3 Nf3 29. Rd1 Bd4 30. Nc4 Ne5 31. Qd2 Qd7 32. Kg2 Nxd5 33. Nxe5 Rxe5 34.
Qxh6 Nxc3 35. Bxc3 Qc6+ 36. Kh3 Bxc3 37. f4 Qe6+ 0-1

[Event "SV Kamen 1 - SC Hansa Dortmund 2"]
[Site "NRW-Klasse, Gruppe 1 2014/201"]
[Date "2015.01.11"]
[Round "5.7"]
[White "Sundorf, Jannik"]
[Black "Seepe, Udo"]
[Result "1/2-1/2"]
[WhiteElo "2102"]
[BlackElo "2053"]
[Annotator "Hausrath,Daniel"]
[PlyCount "81"]
[EventDate "2015.??.??"]
[WhiteTeam "SC Hansa Dortmund 2"]
[BlackTeam "SV Kamen 1"]

1. d4 c5 2. d5 e5 3. c4 Bd6 4. Nc3 Bc7 5. e4 d6 6. Be2 Nf6 7. f4 Ba5 8. Qc2
exf4 9. Bxf4 O-O 10. Nf3 Re8 11. O-O Bxc3 12. bxc3 Qc7 $11 13. e5 dxe5 14. Nxe5
Rxe5 15. d6 Qxd6 16. Rad1 Qxd1 17. Qxd1 Re8 18. Bf3 Nc6 19. Qd6 Ne4 20. Qd3 Bf5
21. Re1 Red8 22. Qb1 Nd6 23. Qb3 Na5 24. Qa4 Naxc4 25. Bxb7 Nb2 26. Qc6 Nxb7
27. Bc7 Rdc8 28. Qxb7 Nd3 29. Rd1 c4 30. Bg3 Re8 31. Qb5 Be6 32. h3 a6 33. Qb7
h6 34. Rb1 a5 35. a4 Nc5 36. Qb5 Ne4 37. Be5 Nd2 38. Rd1 Nb3 39. Bc7 Rec8 40.
Qb6 Kh7 41. Kh2 1/2-1/2

[Event "SV Kamen 1 - SC Hansa Dortmund 2"]
[Site "NRW-Klasse, Gruppe 1 2014/201"]
[Date "2015.01.11"]
[Round "5.8"]
[White "Neumann, Carsten"]
[Black "Linker, Walter"]
[Result "1/2-1/2"]
[WhiteElo "2010"]
[BlackElo "2034"]
[Annotator "Hausrath,Daniel"]
[PlyCount "31"]
[EventDate "2015.??.??"]
[WhiteTeam "SV Kamen 1"]
[BlackTeam "SC Hansa Dortmund 2"]

1. Nf3 f5 2. g3 Nf6 3. Bg2 d6 4. d4 e6 5. O-O Be7 6. Nbd2 O-O 7. Re1 d5 8. Ne5
Nbd7 9. Ndf3 Ne4 10. c4 c6 11. Qb3 Qb6 12. Nxd7 Qxb3 13. axb3 Bxd7 $11 14. Ne5
Rfd8 15. f3 Nf6 16. Nd3 1/2-1/2

[Event "Elberfelder SG 1 - LSV Turm Lippstadt 1"]
[Site "NRW-Klasse, Gruppe 1 2014/201"]
[Date "2015.01.11"]
[Round "5.1"]
[White "Wehmeier, Stefan"]
[Black "Odendahl, Reiner"]
[Result "1-0"]
[WhiteElo "2407"]
[BlackElo "2273"]
[PlyCount "57"]
[EventDate "2015.??.??"]
[WhiteTeam "LSV Turm Lippstadt 1"]
[BlackTeam "Elberfelder SG 1"]

1. e4 c5 2. Nf3 e6 3. Nc3 a6 4. d4 cxd4 5. Nxd4 Qc7 6. Bd3 Nc6 7. Nde2 Nf6 8.
O-O b5 9. f4 Bb7 10. e5 Ng4 11. Ne4 Qb6+ 12. Kh1 Nb4 13. N2g3 h5 14. Nxh5 Nxh2
15. Kxh2 Nxd3 16. cxd3 f5 17. exf6 g6 18. g4 Qd4 19. Qe2 Rc8 20. Be3 Qd5 21.
Rac1 Rxc1 22. Rxc1 Qxa2 23. Bd4 Rh6 24. Kg1 Qd5 25. Be5 gxh5 26. g5 Rg6 27.
Qxh5 Qxd3 28. Qxg6+ Kd8 29. Bc7+ 1-0

[Event "Elberfelder SG 1 - LSV Turm Lippstadt 1"]
[Site "NRW-Klasse, Gruppe 1 2014/201"]
[Date "2015.01.11"]
[Round "5.2"]
[White "Hintze, Helge"]
[Black "Matthias, Heiner"]
[Result "1/2-1/2"]
[WhiteElo "2231"]
[BlackElo "2310"]
[PlyCount "62"]
[EventDate "2015.??.??"]
[WhiteTeam "Elberfelder SG 1"]
[BlackTeam "LSV Turm Lippstadt 1"]

1. c4 Nf6 2. Nf3 c6 3. d4 d5 4. Nc3 e6 5. g3 dxc4 6. Ne5 b5 7. Bg2 Nd5 8. O-O
Bb7 9. a4 a6 10. axb5 axb5 11. Rxa8 Bxa8 12. e4 Nxc3 13. bxc3 Nd7 14. Bf4 Nxe5
15. Bxe5 f6 16. Bf4 Kf7 17. Qe2 Be7 18. Ra1 Re8 19. Ra7 Kg8 20. Bc7 Qc8 21. e5
Bb7 22. Bb6 f5 23. Qa2 Qd7 24. Qa5 Rc8 25. Kf1 Kf7 26. h4 g6 27. Bf3 h6 28. Ke2
Kg7 29. Ke1 Kf7 30. Ke2 Kg7 31. Ke1 Kf7 1/2-1/2

[Event "Elberfelder SG 1 - LSV Turm Lippstadt 1"]
[Site "NRW-Klasse, Gruppe 1 2014/201"]
[Date "2015.01.11"]
[Round "5.3"]
[White "Wagner, Alexej"]
[Black "Kurr, Gerd"]
[Result "1-0"]
[WhiteElo "2206"]
[BlackElo "2190"]
[PlyCount "127"]
[EventDate "2015.??.??"]
[WhiteTeam "LSV Turm Lippstadt 1"]
[BlackTeam "Elberfelder SG 1"]

1. d4 Nf6 2. c4 c5 3. d5 b5 4. cxb5 a6 5. b6 Qxb6 6. Nc3 g6 7. e4 d6 8. Nf3 Bg4
9. Qa4+ Bd7 10. Qc2 Bg7 11. Nd2 O-O 12. Nc4 Qc7 13. a4 Re8 14. Be2 a5 15. Nb5
Qd8 16. Bd2 Na6 17. Nxa5 Nb4 18. Bxb4 cxb4 19. Nc6 b3 20. Qxb3 Bxc6 21. dxc6
Qa5+ 22. Qc3 Qb6 23. Qc4 Rec8 24. c7 Ne8 25. O-O Bxb2 26. Rab1 Be5 27. Rbc1 Qa5
28. f4 d5 29. Qxd5 Bxc7 30. Nxc7 Rxc7 31. Qxa5 Rxa5 32. Bb5 Rxc1 33. Rxc1 Nd6
34. Bc6 g5 35. g3 gxf4 36. gxf4 Nxe4 37. Bxe4 Rxa4 38. Re1 e6 39. Kg2 f5 40.
Bd3 Kf7 41. Kf3 Ra3 42. Ke3 Ra4 43. Rb1 Ra2 44. Rb7+ Kf6 45. Rxh7 e5 46. fxe5+
Kxe5 47. Rh5 Kf6 48. Rxf5+ Kg7 49. h3 Rh2 50. Rf3 Kh6 51. Kf4 Kh5 52. Kg3 Rd2
53. Bf5 Rd5 54. Bg4+ Kg6 55. Rb3 Rc5 56. Rb6+ Kg7 57. Kf4 Ra5 58. Bf5 Ra1 59.
Kg5 Ra8 60. Rb7+ Kh8 61. Kh6 Re8 62. Bg6 Rf8 63. Bf7 Rd8 64. Be6 1-0

[Event "Elberfelder SG 1 - LSV Turm Lippstadt 1"]
[Site "NRW-Klasse, Gruppe 1 2014/201"]
[Date "2015.01.11"]
[Round "5.4"]
[White "Noetzel, Frank"]
[Black "Schroeder, Kevin"]
[Result "1-0"]
[WhiteElo "2165"]
[BlackElo "2209"]
[PlyCount "157"]
[EventDate "2015.??.??"]
[WhiteTeam "Elberfelder SG 1"]
[BlackTeam "LSV Turm Lippstadt 1"]

1. e4 e5 2. Bc4 Nf6 3. Qe2 Nc6 4. Nf3 Bc5 5. c3 O-O 6. O-O d6 7. d3 Be6 8. Bb5
Bb6 9. Be3 Ne7 10. Nh4 c6 11. Ba4 d5 12. Nd2 d4 13. cxd4 Bxd4 14. Ndf3 Bxe3 15.
fxe3 Bg4 16. h3 Bxf3 17. Nxf3 Ng6 18. Rf2 Qd6 19. Raf1 a5 20. a3 Rad8 21. Ne1
Qe6 22. Qc2 Kh8 23. Qc3 Qd6 24. Bb3 b6 25. Rf5 Rb8 26. Nf3 Rbd8 27. Ne1 h6 28.
Kh2 Ne7 29. R5f3 Ra8 30. g4 a4 31. Ba2 Ra5 32. Qc2 Ng6 33. Qf2 Rc5 34. Ng2 Kh7
35. Bb1 Rb5 36. Rg3 Rb3 37. Ne1 Kg8 38. Rg2 Rb5 39. Ba2 Rc5 40. g5 hxg5 41.
Rxg5 Kh8 42. Bb1 Rc1 43. Bc2 b5 44. Ng2 Rxf1 45. Qxf1 c5 46. h4 Ne7 47. h5 Nh7
48. Rg3 f5 49. Rf3 Ng5 50. Rf2 Qh6 51. Bd1 Nh7 52. exf5 Nf6 53. Kg1 Nxh5 54.
Bxh5 Qxh5 55. e4 Qg5 56. Rc2 Rc8 57. Qc1 Qf6 58. Ne3 Qd6 59. Kf2 Qd4 60. Kf3
Kg8 61. Qh1 Qxd3 62. Rh2 Kf7 63. Rh7 Qd6 64. Qh5+ Kf8 65. Rh8+ Ng8 66. Qh7 Kf7
67. Qh5+ Kf8 68. Nd5 Qd7 69. f6 Qf7 70. Qf5 Rc6 71. fxg7+ Ke8 72. Qxf7+ Kxf7
73. Rxg8 Rh6 74. Rb8 Kxg7 75. Rxb5 Rh3+ 76. Kg4 Rh2 77. Kf5 Rh5+ 78. Ke6 c4 79.
Rb4 1-0

[Event "Elberfelder SG 1 - LSV Turm Lippstadt 1"]
[Site "NRW-Klasse, Gruppe 1 2014/201"]
[Date "2015.01.11"]
[Round "5.5"]
[White "Hecht, Carsten"]
[Black "Kuehne, Marco"]
[Result "1-0"]
[WhiteElo "2147"]
[BlackElo "2006"]
[PlyCount "103"]
[EventDate "2015.??.??"]
[WhiteTeam "LSV Turm Lippstadt 1"]
[BlackTeam "Elberfelder SG 1"]

1. e4 g6 2. d4 Bg7 3. Nf3 d6 4. Bd3 Nd7 5. O-O c6 6. c4 e5 7. d5 c5 8. Nc3 Ne7
9. a3 O-O 10. b4 b6 11. Rb1 h6 12. Nd2 f5 13. f3 f4 14. Nb3 g5 15. bxc5 bxc5
16. Bd2 Nf6 17. Nb5 Ng6 18. Na5 a6 19. Nc6 Qd7 20. Nc3 g4 21. Na4 Qf7 22. Nb6
gxf3 23. Rxf3 Bg4 24. Nxa8 Nh4 25. Be2 Nxe4 26. Rxf4 exf4 27. Bxg4 Ng5 28. Qe1
Nxg2 29. Qe6 Nxe6 30. Bxe6 Nh4 31. Bxf7+ Kxf7 32. Rf1 Rxa8 33. Rxf4+ Bf6 34.
Bc3 Rg8+ 35. Kh1 Rg6 36. Bxf6 Rxf6 37. Rxh4 Kg6 38. Re4 Rf3 39. Re6+ Kg5 40.
Rxd6 Rxa3 41. Re6 Kg4 42. d6 Ra1+ 43. Kg2 Ra2+ 44. Kf1 Rd2 45. d7 Rxd7 46. Ne5+
Kf5 47. Nxd7 Kxe6 48. Nxc5+ Kd6 49. Na4 Ke5 50. Ke2 Ke4 51. c5 Kd5 52. Kf3 1-0

[Event "Elberfelder SG 1 - LSV Turm Lippstadt 1"]
[Site "NRW-Klasse, Gruppe 1 2014/201"]
[Date "2015.01.11"]
[Round "5.6"]
[White "Fuchs, Thomas"]
[Black "Grobbel, Rainer"]
[Result "1/2-1/2"]
[WhiteElo "1958"]
[BlackElo "2120"]
[PlyCount "83"]
[EventDate "2015.??.??"]
[WhiteTeam "Elberfelder SG 1"]
[BlackTeam "LSV Turm Lippstadt 1"]

1. d4 Nf6 2. Bf4 g6 3. e3 Bg7 4. Nf3 d6 5. Be2 Nbd7 6. c3 O-O 7. O-O b6 8. a4
a6 9. h3 Bb7 10. Nbd2 c5 11. Bh2 Rc8 12. Bd3 d5 13. Qe2 c4 14. Bc2 b5 15. axb5
axb5 16. e4 dxe4 17. Nxe4 Nd5 18. Qd2 Qb6 19. Rfe1 Ra8 20. Qe2 Rxa1 21. Rxa1
Ra8 22. Qe1 Ra5 23. Ned2 Qa6 24. Rxa5 Qxa5 25. Be4 N7f6 26. Ne5 Qa2 27. Qb1
Qxb1+ 28. Bxb1 Bh6 29. Nef3 Nb6 30. Bc2 Bxf3 31. Nxf3 Bc1 32. b3 Nfd5 33. Kf1
Nxc3 34. Bc7 Ncd5 35. Bxb6 Nxb6 36. bxc4 bxc4 37. Ne5 f6 38. Nxc4 Nd5 39. g3
Bh6 40. Bb3 Kf8 41. Ke2 e6 42. Ne3 1/2-1/2

[Event "Elberfelder SG 1 - LSV Turm Lippstadt 1"]
[Site "NRW-Klasse, Gruppe 1 2014/201"]
[Date "2015.01.11"]
[Round "5.8"]
[White "Podder, Michael"]
[Black "Guenther, Dominik"]
[Result "1-0"]
[WhiteElo "1891"]
[BlackElo "1722"]
[Annotator "Hausrath,Daniel"]
[PlyCount "127"]
[EventDate "2015.??.??"]
[WhiteTeam "Elberfelder SG 1"]
[BlackTeam "LSV Turm Lippstadt 1"]

1. e4 c5 2. Nf3 d6 3. d4 cxd4 4. Nxd4 Nf6 5. Nc3 a6 6. Be2 e5 7. Nb3 Be7 8. Be3
O-O 9. O-O Be6 10. Bf3 Nbd7 11. Re1 Rc8 12. Bg5 b5 13. Ne2 Qc7 14. c3 Rfd8 15.
Ng3 Nc5 $11 16. Nd2 Nd3 17. Re3 Nxb2 18. Qb1 Nc4 19. Nxc4 Bxc4 20. Nf5 Nd5 21.
Nxe7+ Nxe7 22. Bg4 Be6 23. Bxe6 fxe6 24. Qb3 Qd7 25. a4 d5 26. exd5 Nxd5 27.
Rd3 e4 28. Rdd1 Rxc3 29. Qb1 Rdc8 30. axb5 axb5 31. Qxe4 b4 32. Qxb4 h6 33. Be3
Qc6 34. Qg4 Rxe3 35. Ra7 Qc3 36. fxe3 Qxe3+ 37. Kh1 Qxa7 38. Qxe6+ Kh7 39. Qf5+
g6 40. Qxc8 Ne7 41. Qd7 Qe3 42. h3 h5 43. Qc7 Kh6 44. Qb8 Nf5 45. Kh2 h4 46.
Rf1 Kg5 47. Qd8+ Kh5 48. Qd1+ Kh6 49. Qc1 Qxc1 50. Rxc1 Kg5 51. Rc4 Ne3 52. Ra4
Nf5 53. Kg1 Kh5 54. Kf2 Kg5 55. Kf3 Nh6 56. Re4 Nf5 57. Rg4+ Kf6 58. Kf4 Nh6
59. Rg5 Nf7 60. Ra5 Kg7 61. Kg4 Nh6+ 62. Kxh4 Nf5+ 63. Rxf5 gxf5 64. Kh5 1-0

[Event "SK Münster 2 - SV Letmathe 1"]
[Site "NRW-Klasse, Gruppe 1 2014/201"]
[Date "2015.01.11"]
[Round "5.1"]
[White "Podzielny, Karl-Heinz"]
[Black "Emunds, Hans Georg"]
[Result "1-0"]
[WhiteElo "2423"]
[BlackElo "2128"]
[PlyCount "101"]
[EventDate "2015.??.??"]
[WhiteTeam "SV Letmathe 1"]
[BlackTeam "SK Münster 2"]

1. Nf3 Nf6 2. c4 e6 3. b3 b6 4. Bb2 Bb7 5. e3 Be7 6. Be2 O-O 7. Rg1 d5 8. g4 c5
9. g5 Nfd7 10. Qc2 Nc6 11. d3 a6 12. Nbd2 Re8 13. h4 b5 14. a3 Bd6 15. h5 Nde5
16. h6 g6 17. Nxe5 Bxe5 18. cxb5 axb5 19. Bxe5 Nxe5 20. Qxc5 f6 21. gxf6 Qxf6
22. Qd4 Nd7 23. Qxf6 Nxf6 24. Nf3 b4 25. a4 Ba6 26. Rc1 Rac8 27. Kd2 Kf8 28.
Ne5 Bb7 29. Bf3 Ke7 30. d4 Rf8 31. Rxc8 Rxc8 32. Nd3 Rc3 33. Rb1 g5 34. Nxb4
Rc8 35. Nd3 g4 36. Bg2 Rf8 37. Rc1 Kd6 38. Nc5 Ba8 39. b4 Ng8 40. Ke2 Nxh6 41.
Rh1 Rf6 42. e4 dxe4 43. Bxe4 Bd5 44. Rh5 Nf5 45. Bxf5 Rxf5 46. Rxh7 Rf4 47.
Rd7+ Kc6 48. b5+ Kb6 49. Rd6+ Ka5 50. Ra6+ Kb4 51. Nd3+ 1-0

[Event "SK Münster 2 - SV Letmathe 1"]
[Site "NRW-Klasse, Gruppe 1 2014/201"]
[Date "2015.01.11"]
[Round "5.2"]
[White "Mueschenich, Stefan"]
[Black "Adamski, Jan"]
[Result "1/2-1/2"]
[WhiteElo "2082"]
[BlackElo "2276"]
[Annotator "Hausrath,Daniel"]
[PlyCount "55"]
[EventDate "2015.??.??"]
[WhiteTeam "SK Münster 2"]
[BlackTeam "SV Letmathe 1"]

1. d4 Nf6 2. Nf3 c5 3. c3 b6 4. Bf4 Ba6 5. h3 e6 6. g4 Be7 7. Bg2 Bb7 8. e3 O-O
9. O-O d6 10. Nbd2 Nc6 11. Qe2 Rc8 12. Rfd1 cxd4 13. exd4 Re8 14. Bg3 a6 15.
Ng5 $11 Qc7 16. Nde4 Nxe4 17. Nxe4 Na5 18. Rac1 b5 19. b3 Bd5 20. Nd2 Bxg2 21.
Kxg2 Qb7+ 22. Qe4 Qxe4+ 23. Nxe4 Red8 24. Rc2 Nc6 25. Rcc1 Na5 26. Rc2 Nc6 27.
Rcc1 Na5 28. Rc2 1/2-1/2

[Event "SK Münster 2 - SV Letmathe 1"]
[Site "NRW-Klasse, Gruppe 1 2014/201"]
[Date "2015.01.11"]
[Round "5.3"]
[White "Schleining, Zoya"]
[Black "Virnyi, Julius"]
[Result "1/2-1/2"]
[WhiteElo "2326"]
[BlackElo "2043"]
[PlyCount "43"]
[EventDate "2015.??.??"]
[WhiteTeam "SV Letmathe 1"]
[BlackTeam "SK Münster 2"]

1. d4 Nf6 2. c4 e6 3. Nc3 Bb4 4. e3 O-O 5. Nge2 d5 6. a3 Be7 7. Nf4 c6 8. Bd3
Nbd7 9. cxd5 exd5 10. g4 Re8 11. Qf3 Nf8 12. Rg1 Bd6 13. g5 Ne4 14. Nxe4 dxe4
15. Bxe4 Bxf4 16. Qxf4 Ne6 17. Qe5 Nxd4 18. Qxd4 Qxd4 19. exd4 Rxe4+ 20. Be3
Be6 21. Kd2 Bd5 22. Rg3 1/2-1/2

[Event "SK Münster 2 - SV Letmathe 1"]
[Site "NRW-Klasse, Gruppe 1 2014/201"]
[Date "2015.01.11"]
[Round "5.4"]
[White "Kubo, Thomas"]
[Black "Soukup, Jiri"]
[Result "0-1"]
[WhiteElo "2002"]
[BlackElo "2315"]
[PlyCount "64"]
[EventDate "2015.??.??"]
[WhiteTeam "SK Münster 2"]
[BlackTeam "SV Letmathe 1"]

1. d4 d5 2. Bf4 Nd7 3. e3 Ngf6 4. Nf3 e6 5. Nbd2 Be7 6. Bd3 O-O 7. Ne5 c5 8. c3
Qb6 9. Rb1 Rd8 10. Qf3 Nxe5 11. dxe5 Nd7 12. Qh3 Nf8 13. Nf3 Bd7 14. Bg5 Bxg5
15. Nxg5 h6 16. Nf3 Bb5 17. Bc2 Qa6 18. Kd2 Qxa2 19. g4 Qc4 20. Rbe1 Bc6 21. b3
Qb5 22. g5 d4 23. exd4 Bxf3 24. Qxf3 cxd4 25. gxh6 dxc3+ 26. Kxc3 Rac8+ 27. Kb2
Rd2 28. Rc1 Qxe5+ 29. Kb1 g6 30. Rhe1 Rcxc2 31. Rxc2 Qxe1+ 32. Rc1 Qe5 0-1

[Event "SK Münster 2 - SV Letmathe 1"]
[Site "NRW-Klasse, Gruppe 1 2014/201"]
[Date "2015.01.11"]
[Round "5.5"]
[White "Gruermann, Martin"]
[Black "Neuer, Thomas"]
[Result "1/2-1/2"]
[WhiteElo "2090"]
[BlackElo "2043"]
[Annotator "Hausrath,Daniel"]
[PlyCount "140"]
[EventDate "2015.??.??"]
[WhiteTeam "SV Letmathe 1"]
[BlackTeam "SK Münster 2"]

1. Nf3 d5 2. g3 Bg4 3. Bg2 Nd7 4. c4 e6 5. d4 c6 6. cxd5 exd5 7. Nc3 Bd6 8. e4
dxe4 9. Nxe4 Bb4+ 10. Bd2 Bxd2+ 11. Qxd2 Ndf6 12. Nc5 Bxf3 13. Bxf3 Qc7 14. Qg5
Kf8 15. O-O Ne7 16. Qe5 Rc8 17. Rfe1 h5 18. Re2 Ng6 19. Qg5 Ne7 20. Rae1 Ned5
21. Qf5 g6 22. Qe5 b6 23. Nd3 Kg7 $11 24. Qg5 Nh7 25. Qd2 Nhf6 26. Re5 Rhe8 27.
Nf4 Nxf4 28. Qxf4 Rxe5 29. dxe5 Ng8 30. Qg5 Qe7 31. Qe3 Qe6 32. Qa3 a5 33. Bd1
c5 34. Qf3 Ne7 35. b3 Nc6 36. Qe3 Re8 37. f4 Nd4 38. Qe4 Qc6 39. Qxc6 Nxc6 40.
Bf3 Nd4 41. Kf2 Re7 42. Bg2 a4 43. b4 cxb4 44. Rb1 Rc7 45. Be4 b3 46. axb3 Nxb3
47. Bd5 Rc2+ 48. Ke3 Rc3+ 49. Ke2 b5 50. Bxb3 axb3 51. Kd2 Rc2+ 52. Kd3 Rxh2
53. Rxb3 Rh3 54. Rxb5 Rxg3+ 55. Ke2 Rc3 56. Rb7 Rc6 57. Kf3 Re6 58. Ke4 Re8 59.
Ra7 Kf8 60. f5 Re7 61. Ra8+ Re8 62. Ra7 gxf5+ 63. Kxf5 Kg7 64. Rb7 Re6 65. Rb1
Rg6 66. Rh1 Kh6 67. Rh2 Rg1 68. Rf2 Rg6 69. Rh2 Rg1 70. Rf2 Rg6 1/2-1/2

[Event "SK Münster 2 - SV Letmathe 1"]
[Site "NRW-Klasse, Gruppe 1 2014/201"]
[Date "2015.01.11"]
[Round "5.6"]
[White "Quante, Lennart"]
[Black "Haude, Ruediger"]
[Result "1/2-1/2"]
[WhiteElo "2016"]
[BlackElo "2010"]
[PlyCount "161"]
[EventDate "2015.??.??"]
[WhiteTeam "SK Münster 2"]
[BlackTeam "SV Letmathe 1"]

1. d4 Nf6 2. c4 e6 3. Nc3 d5 4. cxd5 exd5 5. Bg5 Be7 6. e3 c6 7. Bd3 Nbd7 8.
Nge2 O-O 9. O-O Ne4 10. Bf4 f5 11. f3 Nxc3 12. Nxc3 g5 13. Bg3 f4 14. exf4 gxf4
15. Bf2 Bd6 16. Qc2 Nf6 17. Bh4 Qd7 18. Rfe1 Nh5 19. Re2 Qg7 20. Kh1 Qh6 21.
Kg1 Qg7 22. Rae1 Bd7 23. Be7 Bxe7 24. Bxh7+ Qxh7 25. Qxh7+ Kxh7 26. Rxe7+ Kg6
27. Rxd7 Rf7 28. Ree7 Rxe7 29. Rxe7 Rb8 30. Ne2 Kf6 31. Re5 Ng7 32. Nxf4 Nf5
33. Nh5+ Kg6 34. Nf4+ Kf6 35. Nh5+ Kg6 36. g4 Nxd4 37. Kf2 Kf7 38. Ke3 Ne6 39.
Rf5+ Ke7 40. Nf4 Ng7 41. Rg5 Kf7 42. h4 Re8+ 43. Kd2 Rh8 44. h5 Kf6 45. Rg6+
Kf7 46. Rg5 Kf6 47. Rg6+ Kf7 48. Nd3 Re8 49. Rh6 Re6 50. Rh8 Re8 51. Rxe8 Nxe8
52. Ke3 Ng7 53. Kf4 Ne6+ 54. Ke5 Ng5 55. f4 Nf3+ 56. Kd6 Nd4 57. Kc7 b6 58. Kb7
c5 59. Kxa7 Ne6 60. Kxb6 c4 61. Ne5+ Kf6 62. Kc6 Nxf4 63. Kd6 Nd3 64. Nd7+ Kg5
65. Kxd5 Nxb2 66. Kd4 Nd1 67. Ne5 c3 68. Kd3 Kf6 69. Nf3 Nf2+ 70. Kxc3 Nxg4 71.
a4 Kg7 72. a5 Nf6 73. a6 Nd5+ 74. Kd4 Nb4 75. Ke5 Nxa6 76. Kf5 Kh6 77. Kg4 Nc5
78. Nh4 Ne6 79. Nf5+ Kh7 80. h6 Nd4 81. Nxd4 1/2-1/2

[Event "SK Münster 2 - SV Letmathe 1"]
[Site "NRW-Klasse, Gruppe 1 2014/201"]
[Date "2015.01.11"]
[Round "5.7"]
[White "Pfleger, Sascha"]
[Black "Holtel, Jasper"]
[Result "1/2-1/2"]
[WhiteElo "1937"]
[BlackElo "2003"]
[PlyCount "80"]
[EventDate "2015.??.??"]
[WhiteTeam "SV Letmathe 1"]
[BlackTeam "SK Münster 2"]

1. d4 Nf6 2. c4 g6 3. Nc3 d5 4. cxd5 Nxd5 5. e4 Nxc3 6. bxc3 Bg7 7. Bc4 c5 8.
Ne2 Nc6 9. Be3 O-O 10. Rc1 Bg4 11. f3 Bd7 12. O-O Qc7 13. dxc5 Rad8 14. Qc2 Ne5
15. Bb3 Bb5 16. c4 Bc6 17. Nc3 Qa5 18. Nd5 e6 19. Ne7+ Kh8 20. Nxc6 Nxc6 21.
Rcd1 Bd4 22. Bxd4+ Nxd4 23. Qb2 Kg8 24. c6 bxc6 25. Kh1 Qe5 26. Qa3 a5 27. c5
f5 28. exf5 Rxf5 29. Qxa5 Re8 30. Qd2 Ne2 31. f4 Nxf4 32. Rde1 Qf6 33. g4 Rd8
34. Qe3 Rd3 35. Bxe6+ Kg7 36. Qe4 Rd2 37. gxf5 Rxh2+ 38. Kxh2 Qh4+ 39. Kg1 Qg3+
40. Kh1 Qh3+ 1/2-1/2